000 00429nji a22001817a 4500
003 koha_MIRAKIL
005 20231213065329.0
008 231213b |||||||| |||| 00| 0 ||| d
020 _b978-1-40823117-3
040 _aTR-IsEVY
_btur
_cTR-IsEVY
082 _a420 HEA/T
100 _aHEARN, IZABELLA.
245 4 _aTHE GALAPAGOS.
260 _bPENGUIN,
_c2008
300 _a22.
650 _aİngiliz Dili.
942 _2ddc
_cAU
999 _c1846
_d1846